Länder, die in Philippinen am häufigsten Urlauben - Statistiken

Allgemein
  • Dieses Quiz wurde 40 mal gespielt
    12 seit der letzten Aktualisierung
  • Das Durchschnittsergebnis liegt bei 23 aus 30
Antwortstatistiken
Besucheranzahl Land % Korrekt
312,222 China
100%
79,886 Deutschland
100%
60,743 Frankreich
100%
29,943 Italien
100%
388,316 Japan
100%
46,146 Spanien
100%
45,896 Thailand
100%
160,296 Vereinigtes Königreich
100%
1,076,663 Vereinigte Staaten Amerikas
100%
272,215 Australien
90%
78,995 Indien
90%
223,944 Kanada
90%
27,602 Russland
90%
1,569,071 Südkorea
90%
208,736 Taiwan
90%
58,098 Vietnam
90%
57,085 Indonesien
80%
95,713 Malaysia
80%
19,100 Norwegen
80%
22,429 Saudi Arabien
80%
18,144 Schweden
80%
157,264 Singapur
80%
34,726 Niederlande
70%
27,050 Schweiz
70%
40,026 Vereinigte Arabische Emirate
70%
16,111 Irland
50%
15,537 Israel
40%
79,276 Hong Kong
10%
22,990 Guam
0%
28,193 Neuseland
0%
Keine übereinstimmenden Quizze gefunden
Verteilung der Resultate
Anzahl Personen mit jedem Resultat
Perzentil nach korrekt beantworteten Fragen
Ihre Resultats-Entwicklung
Sie haben dieses Quiz seit der letzten Aktualisierung nicht gespielt